LEADER 01545nam a2200349 a 4500 001 000000123346 003 CaOOAMICUS 005 20101013110919.0 008 101013m20109999it ba u000 u ita r 040 $aPUL$bita 041 1 $aita$hfre 082 04$a920 100 1 $aWoolf, Stuart J.$0(OLS)http://pul/name/74105 240 10$aNapoléon et la conquete de l'Europe$lItaliano.$0(OLS)http://pul/title/149281 245 10$aNapoleone e la conquista dell'Europa /$cStuart Woolf. 260 $aMilano :$bIl Sole 24 ore,$c©2010$aRoma ; Bari :$bEditori Laterza 300 $av. <2> :$bc. geogr., ill. ;$c22 cm 490 1 $aGrandi biografie ;$v2 500 $aTrad. di Anna De Benedetti e Paola Querci. 504 $aBibliografia in nota. 600 04$aNapoléon$bI,$cimperatore dei Francesi,$d1769-1821$xBiografia.$0(OLS)http://pul/subject/15108 700 1 $aQuerci, Paola.$0(OLS)http://pul/name/74107 700 1 $aDe Benedetti, Anna.$0(OLS)http://pul/name/74106 830 0$aGrandi biografie ;$v2.$0(OLS)http://pul/title/155366 850 $aPUL 852 $aPUL$W1$xDP2 Filosofia 3$y112$m920 COLL 2.2$j141949$av. 2$qDDC 21$B140919$CPULBib$Z2$F140919 $H114941 $82 941 1 $a9 996 $6082$a920$9(OLS)http://pul/classification/1661 996 $6245$aNapoleone e la conquista dell'Europa$9(OLS)http://pul/title/149280 996 $6260$aMilano :$bIl Sole 24 ore$9(OLS)http://pul/publisher/69212 996 $6260$aRoma ; Bari :$bEditori Laterza$9(OLS)http://pul/publisher/61082 LEADER 01179nam a2200301 a 4500 001 000000176448 003 CaOOAMICUS 005 20240718141219.0 008 240111s2023 it u000 u ita r 020 $a979-12-80432-07-0* 032 $aLibriCat 040 $aPUL$bita 082 04$a201 100 1 $aDe Macedo, Francisco.$0(OLS)http://pul/name/69357 245 10$aFilosofia della religione /$cFrancisco De Macedo ; presentazione di Renato Salvatore. 260 $aRoma :$bMancini Edizioni,$c2023. 300 $a167 p. ;$c24 cm 504 $aBibliografia in nota. 650 4$aFilosofia della religione.$0(OLS)http://pul/subject/120 700 1 $aSalvatore, Renato.$0(OLS)http://pul/name/96483 850 $aPUL 852 $aPUL$W1$xSL Filosofia 3$y81$m201 DEMFR 2$j200508$qDDC 21$B205391$CPULBib$Z2$F205391 $H136736 $82 941 1 $a9 996 $6020$a979-12-80432-07-0*$9(OLS)http://pul/number/169493 996 $6082$a201$9(OLS)http://pul/classification/431 996 $6245$aFilosofia della religione$9(OLS)http://pul/title/21226 996 $6260$aRoma :$bMancini Edizioni$9(OLS)http://pul/publisher/87580